Anna Karenina vábivé pokušení, spalující vášeň, osudová láska

Bibliographic Details
Other Authors: Rose, Bernard (Author of dialog), Marceau, Sophie, 1966- (uci), Bean, Sean (uci), Fox, James, 1939- (uci), Molina, Alfred (uci), Kirshner, Mia (uci)
Format: Book
Language:Czech
PhysicalDescription:1 videokazeta (103 min.) stereo, fareb., VHS systém PAL 10x19 cm
Published: Bratislava Intersonic 1998
Subjects:

MARC

LEADER 00000nam a2200000 a 4500
001 vtls001329231
003 SK-MaSNL
005 20260301160154.0
008 251031s1998 xo 0 cze
015 |a SNBJ1998/02-01267 
035 |a SNK000282069 
040 |a SNK  |b slo  |c SNK  |e AACR2 
041 0 |a cze 
044 |a xo  |c SK 
080 |a 791.43(73)(086.8)  |2 1981 
240 1 0 |a Leo Tolstoy's Anna Karenina  |l Česky 
245 1 |a Anna Karenina  |h videozáznam  |b vábivé pokušení, spalující vášeň, osudová láska  |c réžia Bernard Rose 
260 |a Bratislava  |b Intersonic  |c 1998 
300 |a 1 videokazeta (103 min.)  |b stereo, fareb., VHS systém PAL  |c 10x19 cm 
511 |a Hrajú: Sophia Marceauová, Sean Bean, James Fox, Alfred Molina, Mia Kirshner 
521 |a Mládeži do 15 r. nevhodné 
650 0 7 |a filmy psychologické  |x videokazety  |2 SNK  |9 283653 
655 7 |a videokazety  |2 SNK  |9 70726 
700 1 |a Rose, Bernard  |4 aud  |9 521351 
700 1 |a Marceau, Sophie,  |d 1966-  |4 uci  |9 16368 
700 1 |a Bean, Sean  |4 uci  |9 40788 
700 1 |a Fox, James,  |d 1939-  |4 uci  |9 40455 
700 1 |a Molina, Alfred  |4 uci  |9 521352 
700 1 |a Kirshner, Mia  |4 uci  |9 521353 
730 |t Leo Tolstoy's Anna Karenina  |9 521354 
999 |c 804345  |d 806275 
952 |t P60, <03>, [BOOK], {603}  |a SNK  |b SNK  |y PREZ  |7 0  |p 17A0134144  |o snkSVC 1062  |i snkJK 203/98  |0 0  |1 0  |4 0  |d 1998-04-27  |l 0  |r 2005-01-02 00:00:00  |w 2026-02-24